Friends - Saison 3 - Statistiques

Statistiques générales
  • Ce quiz a été pris 2 735 fois
  • Le résultat moyen est 10 sur 15
Statistiques - réponses
Question Réponse % Correct
Qui cogne accidentellement la tête de Ben dans une poutre ? Monica
95%
Quelle forme a le lit que recoit par erreur Monica ? Voiture
92%
Pour thanksgiving, les 6 amis décident de faire une partie d'un sport à l'exterieur. Quel sport ? Football américain
85%
Avec quoi Ross essaye-t-il d'empêcher Ben de jouer ? Barbie
81%
Phoebe est convaincue que quelqu'un meurt à chaque fois qu'elle va à un endroit précis. Mais ou ? Chez le dentiste
79%
Quel personnage de science fiction est le fantasme de Ross ? Princesse Leia
75%
Qui avoue à Rachel la tromperie de Ross ? Gunther
73%
Qu'adopte Joey après avoir vu un reportage à la télé ? Poussin
69%
Ou Rachel invite-t-elle toute l'équipe, sauf Ross, pour le week-end. Ski
68%
Que fait Monica en très grosse quantité pour essayer d'oublier Richard ? Confiture
61%
Quel est le nationalité de la jeune femme que Joey et Chandler essayent de séduire pendant le match ? Hollandaise
53%
Commen s'appel l'inconnue qui propose un poste dans la mode à Rachel ? Mark
53%
Joey avoue avoir bruler une chose appartenant à une de ses ex, qui sort maintenant avec Chandler. Qu'a-t-il brulé ? jambe de bois
44%
Rachel va sortir avec un homme, Tommy, qui s'énerve pour un rien. Qui est le célèbre acteur qui interpète ce personnage ? Ben Stiller
33%
Ross va coucher avec Chloé, alors qu'il est en pause avec Rachel. Que fait Chloé dans le magasin ou elle travaille ? Des photocopies
27%
Aucun quiz correspondant
Distribution des résultats
% des personnes avec chaque résultat
Percentile par nombre de réponses
Votre historique - résultats
Vous n’avez pas pris ce quiz